00338nam a2200121Ia 4500008004100000100004100041245003000082260004500112300001000157650002400167942000800191999001700199190216s9999||||xx |||||||||||||| ||und|| aCarolina Biological Supply Co Author 0aBiology/Science Materials bCarolina Biological Supply Companyc1986 a1188p aGeneral Collections cREF c35859d35859